The revolutionary years : West Africa since 1800 /

Bibliographic Details
Main Author: Webster, J. B. (James Bertin)
Other Authors: Boahen, A. Adu, Tidy, Michael
Format: Book
Language:English
Published: London : Longman, 1980.
Edition:New ed.
Series:Growth of African civilisation series.
Subjects:

MARC

Tag First Indicator Second Indicator Subfields
LEADER 00000cam a2200000 a 4500
001 in00000092244
005 20150923132020.0
008 820826s1980 enkab b 00110 eng
010 |a  79040566  
020 |a 0582603323 (pbk.) 
035 |a (OCoLC)07285550 
035 |9 AAK7326AM 
039 0 |a 2  |b 3  |c 3  |d 3  |e 3 
040 |a DLC  |c DLC  |d UtOrBLW 
043 |a fw----- 
049 |a TXAM  |c [1197169] 
050 0 0 |a DT476  |b  W43 1980 
082 0 |a 966  |2 19 
100 1 |a Webster, J. B.  |q (James Bertin) 
245 1 4 |a The revolutionary years :  |b West Africa since 1800 /  |c J.B. Webster, A.A. Boahen, with Michael Tidy. 
250 |a New ed. 
264 1 |a London :  |b Longman,  |c 1980. 
300 |a ix, 406 pages :  |b illustrations, maps ;  |c 22 cm. 
336 |a text  |b txt  |2 rdacontent 
337 |a unmediated  |b n  |2 rdamedia 
338 |a volume  |b nc  |2 rdacarrier 
490 1 |a The growth of African civilisation 
500 |a Includes index. 
504 |a Bibliography: pages 390-393. 
651 0 |a Africa, West  |x History. 
700 1 |a Boahen, A. Adu. 
700 1 |a Tidy, Michael. 
830 0 |a Growth of African civilisation series. 
999 |a MARS 
999 f f |s 315bf034-6e19-3dfc-ba2b-b4a542d3372d  |i c8a862da-11dc-3da2-a816-8ee2d82bd699  |t 0 
952 f f |p ric  |a Texas A&M University  |b Rellis Campus  |c Joint Library Facility  |d Remote Storage  |t 0  |e DT476 W43 1980  |h Library of Congress classification  |i unmediated -- volume  |m A14805983674 
998 f f |a DT476 W43 1980  |t 0  |l Remote Storage